| 000 | 00661nam a2200205 i 4500 | ||
|---|---|---|---|
| 001 | 23967 | ||
| 003 | ES-MaACL | ||
| 005 | 20230906152951.0 | ||
| 007 | t| | ||
| 008 | 021213s1866 sp ||||1| spa d | ||
| 080 | _a061.235(460.27 M.) | ||
| 080 | _a616.932(460.27 M.) | ||
| 110 | 2 |
_aSociedad de los Amigos de los Pobres (Madrid) _9175997 |
|
| 245 | 1 | 4 | _aLos Amigos de los Pobres al Senado y al Congreso. |
| 260 |
_aMadrid : _b[s.n.], _c1866 ( _fImp. Universal, a cargo de Lucas Polo) |
||
| 300 |
_a46 p. ; _c26 cm. |
||
| 610 | 2 |
_aSociedad de los Amigos de los Pobres (Madrid) _9175997 |
|
| 650 | 4 |
_aCólera- _zMadrid. _9141887 |
|
| 852 | 4 |
_aES-MaACL _jT-60-F-2 |
|
| 999 |
_c23967 _d23967 |
||